Kolektívna žaloba bakalárska práca

Saved in:
Bibliographic Details
Main Author: Mrvová, Tereza
Corporate Authors: Ekonomická univerzita v Bratislave. Národohospodárska fakulta, Univerzita Komenského v Bratislave. Právnická fakulta
Other Authors: Križan, Martin
Format: Book
Language:Slovak
Published: Bratislava 2021
Tags: Add Tag
No Tags, Be the first to tag this record!

MARC

LEADER 00000nbm a2200000 4500
001 0276629
005 20220503143911.7
041 0 |a slo 
044 |a SK 
245 1 0 |a Kolektívna žaloba  |b bakalárska práca  |c Tereza Mrvová ; školiteľ: Martin Križan 
264 1 |a Bratislava  |c 2021 
300 |a 48 s. 
100 1 |a Mrvová, Tereza 
700 1 |a Križan, Martin 
710 2 |a Ekonomická univerzita v Bratislave. Národohospodárska fakulta 
710 2 |a Univerzita Komenského v Bratislave. Právnická fakulta